banner-ar

اعادة اعمار فلسطين: القضايا - الخيارات - السياسات - الاستراتيجيات: بحوث وتوصيات مؤتمر الاعمار الريفى والحضرى لدولة فلسطين الذى نظمه المجلس الاقتصادى الفلسطينى للتنمية واعادة الاعمار / (Record no. 50915)

MARC details
000 -الفاتح
حقل البيانات ثابتة الطول 01182nam a2200217Ia 4500
005 - وقت وتاريخ اخر تعامل مع التسجيلة
رقم الضبط 20240530104822.0
008 - عناصر البيانات ثابتة الطول - معلومات عامة
حقل البيانات ثابتة الطول 140319s9999 xx 000 0 ara d
040 ## - مصدر الفهرسة
وكالة الفهرسة الأصلية GCL /
وكالة النسخ GCL
082 04 - رقم تصنيف ديوى العشرى
رقم التصنيف 334.0156903
رقم المادة ا ا
100 0# - المدخل الرئيسى - إسم شخصى
الإسم الشخصى المجلس الاقتصادى الفلسطينى للتنمية واعادة الاعمار
245 10 - بيان العنوان
العنوان اعادة اعمار فلسطين: القضايا - الخيارات - السياسات - الاستراتيجيات: بحوث وتوصيات مؤتمر الاعمار الريفى والحضرى لدولة فلسطين الذى نظمه المجلس الاقتصادى الفلسطينى للتنمية واعادة الاعمار /
بيان المسئوليه,etc المجلس الاقتصادى الفلسطينى للتنمية واعادة الاعمار
300 ## - الوصف المادى
التعداد 831 ص
490 ## - بيان السلسلة
عنوان السلسلة مركز دراسات الوحده العربية
رقم المجلد/ التعيين التسلسلي 0
650 04 - المدخل الاضافى بالموضوع-مصطلح موضوعى
مصطلح موضوعي اعادة البناء - فلسطين
650 04 - المدخل الاضافى بالموضوع-مصطلح موضوعى
مصطلح موضوعي اعادة الاسكان - فلسطين
650 04 - المدخل الاضافى بالموضوع-مصطلح موضوعى
مصطلح موضوعي التنمية الريفية - فلسطين
650 04 - المدخل الاضافى بالموضوع-مصطلح موضوعى
مصطلح موضوعي التنمية الحضرية - فلسطين
650 04 - المدخل الاضافى بالموضوع-مصطلح موضوعى
مصطلح موضوعي سياسة الاسكان - فلسطين
942 ## - عناصر المدخل الإضافي( كوها)
مصدر التصنيف او مخطط الترفيف Dewey Decimal Classification
Koha [default] item type كتاب
Holdings
حالة التراجع حالة الفقد حالة تلف ليس للاعارة المكان المؤقت الموقع الحالى تاريخ الاكتساب اجمالي اﻻعارات رقم الطلب الباركود تاريخ اخر مشاهدة تاريخ تفعيل السعر نوع وعاء كوها
        مكتبة القاهرة الكبرى مكتبة القاهرة الكبرى 03/26/2014   334.156903\م ا 122081 03/26/2014 03/26/2014 كتاب

Powered By

EGPV